| 000 | 00373 a2200121 4500 | ||
|---|---|---|---|
| 020 | _a0131276190 | ||
| 082 | _a620.121 SHA | ||
| 100 | _aShackelford, James F. | ||
| 245 |
_aIntroduction to Materials Science for Engineers _cJames F. Shackelford |
||
| 250 | _a6th ed. | ||
| 260 |
_aNew Jersey : _bPearson Education : _c2005 |
||
| 300 |
_axvii, 878p. : _bill. ; _c26 cm. _eCD |
||
| 650 | _aEngineering Materials | ||
| 999 |
_c834 _d834 |
||